[Event "Lvov LDU FK Blitz"]
[Site "Lvov"]
[Date "2024.12.09"]
[Round "8"]
[White "Apostolakii, Irina"]
[Black "Biletskyy, Dmytro"]
[Result "0-1"]
[WhiteElo "1626"]
[BlackElo "1880"]
[PlyCount "144"]
[EventDate "2024.12.09"]
[EventType "tourn (blitz)"]
[EventRounds "9"]
[EventCountry "UKR"]
[SourceTitle "CB50_2024"]
[SourceDate "2024.11.01"]
[SourceVersion "1"]
[SourceVersionDate "2024.11.01"]
[SourceQuality "2"]

1. e4 e5 2. Nf3 Nc6 3. Nc3 Nf6 4. Bb5 Bc5 5. Bxc6 dxc6 6. 0-0 Nd7 7. h3 0-0 8. d4 exd4 9. Nxd4 Ne5 10. Be3 Nc4 11. b3 Nxe3 12. fxe3 Qg5 13. Qf3 Be6 14. Na4 Bd6 15. Nf5 Be5 16. Rad1 g6 17. Nd4 Rae8 18. Nc5 Bc8 19. Nd3 Bg7 20. Nf2 Bh6 21. Rde1 c5 22. Nb5 c6 23. Nd6 Rd8 24. Nxc8 Rxc8 25. Ng4 Bg7 26. Qf4 Qe7 27. e5 Rfe8 28. Nf6+ Bxf6 29. Qxf6 Rcd8 30. Rf2 Qxf6 31. exf6 Rd6 32. g4 h6 33. e4 Re5 34. Kg2 Kf8 35. a4 Ke8 36. Re3 Kd7 37. Kf1 Rd4 38. Rfe2 Ke6 39. Rd3 Rxd3 40. cxd3 Kxf6 41. h4 Re7 42. Rf2+ Ke5 43. Ke2 Kd4 44. Kd2 Ke5 45. Rf3 Ke6 46. Rf2 Rd7 47. Rf3 b5 48. axb5 cxb5 49. Rf1 Rd6 50. Ra1 a6 51. Rf1 a5 52. Ra1 Ra6 53. Kc3 Ke5 54. Rf1 Ra7 55. Rf2 a4 56. b4 cxb4+ 57. Kxb4 Kd4 58. Rd2 a3 59. Ra2 Kxd3 60. Kxb5 Kc3 61. e5 Kb3 62. Ra1 a2 63. e6 fxe6 64. g5 hxg5 65. hxg5 Kb2 66. Rf1 a1Q 67. Rf2+ Kc3 68. Rf3+ Kd4 69. Rf6 Qb2+ 70. Kc6 Ra6+ 71. Kd7 Qb7+ 72. Ke8 Ra8# 0-1

[Event "Lvov LDU FK Blitz"]
[Site "Lvov"]
[Date "2024.12.09"]
[Round "7"]
[White "Biletskyy, Dmytro"]
[Black "Kravtsiv, Martyn"]
[Result "0-1"]
[WhiteElo "1880"]
[BlackElo "2598"]
[PlyCount "112"]
[EventDate "2024.12.09"]
[EventType "tourn (blitz)"]
[EventRounds "9"]
[EventCountry "UKR"]
[SourceTitle "CB50_2024"]
[SourceDate "2024.11.01"]
[SourceVersion "1"]
[SourceVersionDate "2024.11.01"]
[SourceQuality "2"]

1. e4 e5 2. Nf3 Nc6 3. Bc4 d6 4. h3 Be7 5. 0-0 Nf6 6. Nc3 0-0 7. d4 h6 8. Be3 exd4 9. Nxd4 Ne5 10. Be2 Re8 11. f4 Ng6 12. Qe1 Bf8 13. Bf3 c5 14. Nde2 d5 15. e5 d4 16. exf6 Rxe3 17. Nd1 Re8 18. fxg7 Bxg7 19. Qg3 Qh4 20. Bd5 Be6 21. Bxe6 Rxe6 22. Qf3 Rae8 23. f5 Rxe2 24. fxg6 fxg6 25. Nf2 R2e7 26. Nd3 Kh7 27. Nxc5 Re3 28. Qf2 Qg5 29. Nd3 Re2 30. Qf3 R8e3 31. Qxb7 Re7 32. Qf3 Rxc2 33. Rf2 Rxf2 34. Qxf2 Qe3 35. Qxe3 dxe3 36. Re1 Bd4 37. Re2 Rc7 38. g4 Kg7 39. Kg2 Rf7 40. b4 Kf8 41. a4 Rc7 42. Kf3 Rc4 43. Ke4 Bc3+ 44. Kd5 Rd4+ 45. Kc5 Rxd3 46. Kc4 Rd2 47. Rxe3 Bf6 48. Rf3 Kf7 49. Kb5 Rd5+ 50. Kc6 Re5 51. b5 Re7 52. a5 Kg7 53. b6 axb6 54. axb6 Be5 55. b7 Re6+ 56. Kd7 Rb6 0-1

[Event "Lvov-ch Rapid"]
[Site "Lvov"]
[Date "2024.10.26"]
[Round "5"]
[White "Serbin, Mykola"]
[Black "Biletskyy, Dmytro"]
[Result "1/2-1/2"]
[WhiteElo "1632"]
[BlackElo "1880"]
[PlyCount "84"]
[EventDate "2024.10.26"]
[EventType "swiss (rapid)"]
[EventRounds "10"]
[EventCountry "UKR"]
[SourceTitle "CB44_2024"]
[Source "Chessbase"]
[SourceDate "2024.10.30"]
[SourceVersion "1"]
[SourceVersionDate "2024.10.30"]
[SourceQuality "1"]

1. e4 c6 2. d4 d5 3. f3 g6 4. Nc3 Bg7 5. e5 f6 6. f4 Nh6 7. Nf3 0-0 8. Be2 Na6 9. Bxa6 bxa6 10. 0-0 Rb8 11. b3 Bg4 12. Na4 Nf5 13. h3 Bxf3 14. Rxf3 fxe5 15. fxe5 Qa5 16. Nc5 Nxd4 17. Rxf8+ Rxf8 18. Nd3 Ne6 19. Be3 d4 20. Bd2 Qd5 21. Qg4 Nc5 22. e6 Nxd3 23. cxd3 Rf5 24. Re1 Re5 25. Rxe5 Qxe5 26. Kh1 Bf6 27. Kg1 Kg7 28. Kh1 h5 29. Qf4 Qxf4 30. Bxf4 g5 31. Bb8 Kg6 32. g4 hxg4 33. hxg4 Bg7 34. Kg2 Kf6 35. Kf3 Kxe6 36. Ke4 c5 37. Bxa7 Kd6 38. Bb8+ Kc6 39. a4 e6 40. Bg3 Bf6 41. Be1 Kd6 42. Ba5 Kc6 1/2-1/2

[Event "Titled Tuesday intern op 05th Mar Early"]
[Site "Chess.com INT"]
[Date "2024.03.05"]
[Round "1"]
[White "Biletskyy, Dmytro"]
[Black "Aranda, Juan Manuel"]
[Result "1-0"]
[WhiteElo "1956"]
[BlackElo "2102"]
[PlyCount "51"]
[EventDate "2024.03.05"]
[EventType "swiss (blitz)"]
[EventRounds "11"]
[EventCountry "USA"]
[SourceTitle "EXT 2025"]
[Source "ChessBase"]
[SourceDate "2024.10.14"]
[SourceVersion "1"]
[SourceVersionDate "2024.10.14"]
[SourceQuality "1"]

1. e4 d6 2. d4 Nf6 3. Nc3 g6 4. f4 Bg7 5. Nf3 0-0 6. Bd3 c5 7. dxc5 dxc5 8. 0-0 Nc6 9. Kh1 Bg4 10. h3 Bxf3 11. Qxf3 Nd4 12. Qf2 a6 13. Be3 e6 14. e5 Nd5 15. Bxd4 cxd4 16. Qxd4 Nxc3 17. Qxc3 Rc8 18. Qb3 b5 19. a4 Qd4 20. axb5 axb5 21. Bxb5 Rb8 22. c4 Rfc8 23. Rad1 Qe4 24. Qd3 Qa8 25. Ra1 Qb7 26. Ba6 1-0

[Event "Titled Tuesday intern op 05th Mar Late"]
[Site "Chess.com INT"]
[Date "2024.03.05"]
[Round "2"]
[White "Biletskyy, Dmytro"]
[Black "Sjugirov, Sanan"]
[Result "1/2-1/2"]
[WhiteElo "1956"]
[BlackElo "2690"]
[PlyCount "117"]
[EventDate "2024.03.05"]
[EventType "swiss (blitz)"]
[EventRounds "11"]
[EventCountry "USA"]
[SourceTitle "EXT 2025"]
[Source "ChessBase"]
[SourceDate "2024.10.14"]
[SourceVersion "1"]
[SourceVersionDate "2024.10.14"]
[SourceQuality "1"]

1. d4 Nf6 2. c4 e6 3. Bg5 h6 4. Bh4 Bb4+ 5. Nd2 g5 6. Bg3 Ne4 7. Ngf3 b6 8. a3 Bxd2+ 9. Nxd2 Nxg3 10. hxg3 Bb7 11. e4 Nc6 12. d5 Ne5 13. Be2 Qf6 14. g4 0-0-0 15. f3 Kb8 16. Qc2 c6 17. dxe6 dxe6 18. c5 Qf4 19. 0-0-0 Qe3 20. Rhe1 Rd7 21. cxb6 axb6 22. Qb3 Qxb3 23. Nxb3 Rxd1+ 24. Rxd1 Kc7 25. Nd4 Ng6 26. Rh1 Nf4 27. Bf1 Bc8 28. g3 Ng6 29. Kd2 Bd7 30. Ke3 Ne5 31. Be2 c5 32. Nb5+ Bxb5 33. Bxb5 Kd6 34. Be2 Nc6 35. f4 gxf4+ 36. gxf4 Nd4 37. g5 h5 38. Rxh5 Rg8 39. e5+ Ke7 40. Bd3 Rd8 41. Rh7 Rf8 42. g6 Ke8 43. gxf7+ Ke7 44. Bg6 Nc6 45. Rg7 Na5 46. Ke4 Nc4 47. Rg8 Nxb2 48. Rxf8 Kxf8 49. f5 exf5+ 50. Kxf5 Ke7 51. Ke4 Nc4 52. Kd5 Nxa3 53. Kc6 Nc4 54. Kb5 Nxe5 55. Kxb6 c4 56. Bc2 c3 57. Kc5 Nxf7 58. Kd4 Nd6 59. Kxc3 1/2-1/2

[Event "Titled Tuesday intern op 05th Mar Late"]
[Site "Chess.com INT"]
[Date "2024.03.05"]
[Round "1"]
[White "Biletskyy, Dmytro"]
[Black "Wu, Sibo"]
[Result "1-0"]
[WhiteElo "1956"]
[BlackElo "2142"]
[PlyCount "51"]
[EventDate "2024.03.05"]
[EventType "swiss (blitz)"]
[EventRounds "11"]
[EventCountry "USA"]
[SourceTitle "EXT 2025"]
[Source "ChessBase"]
[SourceDate "2024.10.14"]
[SourceVersion "1"]
[SourceVersionDate "2024.10.14"]
[SourceQuality "1"]

1. d4 d5 2. c4 c6 3. Nc3 Nf6 4. Bg5 Ne4 5. Nxe4 dxe4 6. Qd2 h6 7. Bh4 Bf5 8. e3 Nd7 9. h3 Nf6 10. g4 Bh7 11. Bg2 e5 12. Ne2 exd4 13. exd4 Be7 14. Nc3 0-0 15. 0-0 Re8 16. Rfe1 g5 17. Bg3 Bd6 18. Rad1 Bxg3 19. fxg3 Qd6 20. Qe3 Rad8 21. Re2 Re7 22. Rf2 Kg7 23. Rdf1 Ne8 24. d5 Nc7 25. c5 Qe5 26. d6 1-0

[Event "Titled Tuesday intern op 27th Feb Late"]
[Site "Chess.com INT"]
[Date "2024.02.27"]
[Round "11"]
[White "Biletskyy, Dmytro"]
[Black "Seo, Jung Min"]
[Result "1-0"]
[WhiteElo "1926"]
[BlackElo "2466"]
[PlyCount "61"]
[EventDate "2024.02.27"]
[EventType "swiss (blitz)"]
[EventRounds "11"]
[EventCountry "USA"]
[SourceTitle "CBM 219 Extra"]
[Source "ChessBase"]
[SourceDate "2024.05.31"]
[SourceVersion "1"]
[SourceVersionDate "2024.05.31"]
[SourceQuality "1"]

1. d4 Nf6 2. c4 e6 3. Nc3 Bb4 4. Bg5 c5 5. Bxf6 Qxf6 6. e3 cxd4 7. exd4 0-0 8. Nf3 b6 9. Rc1 Bb7 10. Be2 Nc6 11. 0-0 Rfd8 12. a3 Bf8 13. d5 Ne5 14. Re1 Nxf3+ 15. Bxf3 Rab8 16. Qa4 a6 17. Rcd1 g6 18. Qc2 Kh8 19. Ne4 Qg7 20. h3 b5 21. dxe6 fxe6 22. c5 Rbc8 23. b4 Bc6 24. Ng5 Bxf3 25. Nxf3 Be7 26. Qe4 Qf6 27. Rd3 Rc7 28. Red1 Bf8 29. Ne5 Qg7 30. Qf4 Kg8 31. Nxg6 1-0

[Event "Titled Tuesday intern op 27th Feb Late"]
[Site "Chess.com INT"]
[Date "2024.02.27"]
[Round "6"]
[White "Biletskyy, Dmytro"]
[Black "Zou, Chen"]
[Result "1/2-1/2"]
[WhiteElo "1926"]
[BlackElo "2449"]
[PlyCount "160"]
[EventDate "2024.02.27"]
[EventType "swiss (blitz)"]
[EventRounds "11"]
[EventCountry "USA"]
[SourceTitle "CBM 219 Extra"]
[Source "ChessBase"]
[SourceDate "2024.05.31"]
[SourceVersion "1"]
[SourceVersionDate "2024.05.31"]
[SourceQuality "1"]

1. d4 Nf6 2. c4 b6 3. Nc3 Bb7 4. Qc2 d5 5. Nf3 e6 6. cxd5 exd5 7. Bg5 Be7 8. e3 0-0 9. Bd3 Nbd7 10. 0-0 h6 11. Bf4 c5 12. h3 a6 13. Ne5 c4 14. Bf5 b5 15. a3 Nb6 16. Qe2 Bc8 17. Bc2 Qe8 18. Rae1 Bb7 19. Qf3 Rc8 20. Bf5 Rd8 21. g4 a5 22. h4 b4 23. axb4 axb4 24. g5 bxc3 25. gxf6 Bxf6 26. bxc3 Bc8 27. Bc2 Qe6 28. Qg3 Qh3 29. Rb1 Qxg3+ 30. Bxg3 Nd7 31. Nc6 Rde8 32. Bd6 Re6 33. Bxf8 Nxf8 34. Na7 Bd7 35. Bf5 Rd6 36. Bxd7 Rxd7 37. Nc8 Ne6 38. h5 Bd8 39. Rb8 Kh7 40. Rfb1 g6 41. hxg6+ Kxg6 42. R8b7 Bc7 43. R1b5 Rd8 44. Ne7+ Kg7 45. Nxd5 Bd6 46. e4 Ra8 47. e5 Bf8 48. Rd7 Ng5 49. Kg2 Ra2 50. Rbb7 Kg6 51. Nf4+ Kg7 52. e6 Kf6 53. Rxf7+ Nxf7 54. Rxf7+ Kg5 55. e7 Bxe7 56. Nh3+ Kh4 57. Rxe7 Rc2 58. Re3 Kg4 59. Ng1 Rd2 60. Rg3+ Kf4 61. Nh3+ Ke4 62. Ng1 Rd1 63. Nf3 Kf4 64. Ne5 h5 65. Nxc4 h4 66. Rf3+ Kg5 67. Ne5 Rc1 68. d5 Rd1 69. c4 Re1 70. Nc6 Rc1 71. Ne5 Re1 72. Re3 Rd1 73. Nc6 Kg4 74. Ne7 Rd2 75. Rf3 Rd1 76. Re3 Rd2 77. Ng6 Kg5 78. Ne5 Rd1 79. Nf3+ Kg4 80. Ne5+ Kg5 1/2-1/2

[Event "Titled Tuesday intern op 27th Feb Early"]
[Site "Chess.com INT"]
[Date "2024.02.27"]
[Round "5"]
[White "Cueto, Jose"]
[Black "Biletskyy, Dmytro"]
[Result "0-1"]
[WhiteElo "2095"]
[BlackElo "1926"]
[PlyCount "104"]
[EventDate "2024.02.27"]
[EventType "swiss (blitz)"]
[EventRounds "11"]
[EventCountry "USA"]
[SourceTitle "EXT 2025"]
[Source "ChessBase"]
[SourceDate "2024.10.14"]
[SourceVersion "1"]
[SourceVersionDate "2024.10.14"]
[SourceQuality "1"]

1. d4 Nf6 2. Bf4 g6 3. Nc3 d5 4. e3 Bg7 5. h4 0-0 6. h5 c5 7. hxg6 hxg6 8. Qf3 Nc6 9. 0-0-0 Bg4 10. Qg3 Bxd1 11. Nxd1 cxd4 12. exd4 Nxd4 13. Be5 Nf5 14. Qh2 Re8 15. Bb5 Bh6+ 16. Kb1 Ng4 17. Qh3 Nxf2 18. Nxf2 Qb6 19. Bxe8 Rxe8 20. Ng4 Qb5 21. Nxh6+ Nxh6 22. Qxh6 Qf1+ 23. Qc1 Qxc1+ 24. Kxc1 f6 25. Bc3 Kf7 26. Ne2 e5 27. Rh7+ Ke6 28. Rxb7 d4 29. Be1 Rh8 30. Kd2 Rh2 31. g3 Kf5 32. c4 Ke4 33. Kd1 Ke3 34. Nc1 e4 35. c5 d3 36. Rd7 Rxb2 37. c6 Rc2 38. c7 f5 39. Rg7 Rc6 40. c8Q Rxc8 41. Rxg6 Rc2 42. g4 d2 43. Bxd2+ Rxd2+ 44. Ke1 Rh2 45. Kd1 f4 46. Re6 f3 47. g5 f2 48. Rf6 Rg2 49. Ne2 Rxg5 50. Re6 Rg1+ 51. Kc2 f1Q 52. Nxg1 Qxg1 0-1

[Event "Titled Tuesday intern op 27th Feb Early"]
[Site "Chess.com INT"]
[Date "2024.02.27"]
[Round "9"]
[White "Koridze, Lile"]
[Black "Biletskyy, Dmytro"]
[Result "0-1"]
[WhiteElo "2167"]
[BlackElo "1926"]
[PlyCount "56"]
[EventDate "2024.02.27"]
[EventType "swiss (blitz)"]
[EventRounds "11"]
[EventCountry "USA"]
[SourceTitle "EXT 2025"]
[Source "ChessBase"]
[SourceDate "2024.10.14"]
[SourceVersion "1"]
[SourceVersionDate "2024.10.14"]
[SourceQuality "1"]

1. d4 Nf6 2. c4 c5 3. d5 e6 4. Nc3 exd5 5. cxd5 d6 6. Nf3 g6 7. Nd2 Bg7 8. Nc4 0-0 9. Bg5 Na6 10. e4 Nc7 11. Be2 b5 12. Na5 Bd7 13. Nb7 Qe7 14. Bf4 Nce8 15. 0-0 Nxe4 16. Nxe4 Qxe4 17. Bxd6 Nxd6 18. Nxd6 Qb4 19. Rb1 c4 20. Ne4 Bf5 21. Bf3 Bxe4 22. Bxe4 c3 23. Qf3 cxb2 24. Rfd1 Rad8 25. g3 Rd6 26. Bc2 Rc8 27. Bb3 Rc3 28. Qe4 Qxe4 0-1

[Event "Titled Tuesday intern op 20th Feb Early"]
[Site "Chess.com INT"]
[Date "2024.02.20"]
[Round "3"]
[White "Biletskyy, Dmytro"]
[Black "Li, Michael2"]
[Result "0-1"]
[WhiteElo "1926"]
[BlackElo "2035"]
[PlyCount "186"]
[EventDate "2024.02.20"]
[EventType "swiss (blitz)"]
[EventRounds "11"]
[EventCountry "USA"]
[SourceTitle "EXT 2025"]
[Source "ChessBase"]
[SourceDate "2024.10.14"]
[SourceVersion "1"]
[SourceVersionDate "2024.10.14"]
[SourceQuality "1"]

1. e4 c5 2. Nf3 e6 3. c3 Nf6 4. e5 Nd5 5. d4 cxd4 6. cxd4 b6 7. Nc3 Bb7 8. Bd3 Bb4 9. Bd2 Nc6 10. 0-0 Nce7 11. Ne4 Nf5 12. g4 Bxd2 13. Nfxd2 Nf4 14. gxf5 exf5 15. Qf3 fxe4 16. Qxf4 exd3 17. Nc4 0-0 18. Nd6 Bd5 19. Rfd1 f6 20. Rxd3 fxe5 21. Qxe5 Be6 22. Rg3 Qe7 23. Re1 Qf6 24. Qxf6 Rxf6 25. Kf1 Raf8 26. Re2 Rf4 27. Rd2 Rh4 28. Ke1 Rxh2 29. d5 Rh1+ 30. Ke2 Bf7 31. Nxf7 Rxf7 32. Rc3 Re7+ 33. Kd3 Rh3+ 34. Kc2 Rxc3+ 35. Kxc3 d6 36. Kd4 Kf7 37. Rc2 Ke8 38. Rc8+ Kf7 39. Rd8 Re2 40. Rxd6 Rxb2 41. Rd7+ Kf6 42. Rxa7 Rxf2 43. Ra6 Rd2+ 44. Kc4 Kf7 45. Rxb6 Rxa2 46. d6 Ra7 47. Kd5 h5 48. Kc6 h4 49. Rb4 Ra6+ 50. Kc7 Ke6 51. Re4+ Kd5 52. d7 Ra7+ 53. Kc8 Rxd7 54. Rxh4 Rf7 55. Rg4 Ke5 56. Kd8 Kf5 57. Rg1 g5 58. Ke8 Rf6 59. Ke7 Ra6 60. Rf1+ Kg4 61. Rg1+ Kf4 62. Rf1+ Kg4 63. Rg1+ Kf5 64. Rf1+ Kg6 65. Rg1 Rb6 66. Rg2 Rb4 67. Ke6 Re4+ 68. Kd6 Re8 69. Kd5 Kf5 70. Rf2+ Kg4 71. Rf1 Kg3 72. Rg1+ Kf4 73. Rf1+ Kg4 74. Rg1+ Kf5 75. Kd4 g4 76. Rf1+ Kg5 77. Ra1 g3 78. Ra7 Kf4 79. Rf7+ Kg4 80. Rg7+ Kf3 81. Kd3 g2 82. Rf7+ Kg3 83. Rg7+ Kf2 84. Rf7+ Kg1 85. Kd2 Kh2 86. Rh7+ Kg3 87. Rg7+ Kf2 88. Rf7+ Kg1 89. Rh7 Re4 90. Kd1 Kf2 91. Rf7+ Kg3 92. Rg7+ Rg4 93. Rxg4+ Kxg4 0-1

[Event "Titled Tuesday intern op 20th Feb Early"]
[Site "Chess.com INT"]
[Date "2024.02.20"]
[Round "10"]
[White "De Souza, Cristiano Gomes"]
[Black "Biletskyy, Dmytro"]
[Result "0-1"]
[WhiteElo "2018"]
[BlackElo "1926"]
[PlyCount "54"]
[EventDate "2024.02.20"]
[EventType "swiss (blitz)"]
[EventRounds "11"]
[EventCountry "USA"]
[SourceTitle "EXT 2025"]
[Source "ChessBase"]
[SourceDate "2024.10.14"]
[SourceVersion "1"]
[SourceVersionDate "2024.10.14"]
[SourceQuality "1"]

1. d4 Nf6 2. c4 c5 3. d5 e6 4. Nc3 exd5 5. cxd5 d6 6. Nf3 g6 7. h3 Bg7 8. e4 0-0 9. Bd3 Na6 10. a3 Nc7 11. 0-0 Rb8 12. a4 b6 13. Re1 Re8 14. Bf4 a6 15. Rc1 b5 16. axb5 axb5 17. b4 c4 18. Bb1 Bb7 19. Nd4 Qd7 20. f3 Nfxd5 21. Ndxb5 Nxf4 22. Qxd6 Qxd6 23. Nxd6 Red8 24. Nxb7 Rxb7 25. Na4 Rxb4 26. Nc5 Bd4+ 27. Kh2 Bxc5 0-1

[Event "Titled Tuesday intern op 20th Feb Early"]
[Site "Chess.com INT"]
[Date "2024.02.20"]
[Round "2"]
[White "George Samir, David"]
[Black "Biletskyy, Dmytro"]
[Result "1-0"]
[WhiteElo "2090"]
[BlackElo "1926"]
[PlyCount "87"]
[EventDate "2024.02.20"]
[EventType "swiss (blitz)"]
[EventRounds "11"]
[EventCountry "USA"]
[SourceTitle "EXT 2025"]
[Source "ChessBase"]
[SourceDate "2024.10.14"]
[SourceVersion "1"]
[SourceVersionDate "2024.10.14"]
[SourceQuality "1"]

1. e4 c6 2. d4 d5 3. Nc3 dxe4 4. Nxe4 Nf6 5. Ng3 g6 6. Nf3 Bg7 7. Bd3 0-0 8. h4 h5 9. c3 Nbd7 10. Bg5 c5 11. Qe2 cxd4 12. Nxd4 Nc5 13. Bc2 Bg4 14. f3 Qc7 15. Kf2 e5 16. Nb5 Qb6 17. Be3 Bd7 18. a4 a6 19. b4 axb5 20. Bxc5 Qc7 21. a5 Rfe8 22. Ne4 Nxe4+ 23. Bxe4 f5 24. Bd5+ Be6 25. Bxe6+ Rxe6 26. Qxb5 e4 27. Qc4 Rae8 28. Rhe1 Kh7 29. Rad1 Qh2 30. Rh1 Qf4 31. Be3 Qe5 32. Bd4 Qb8 33. Rde1 Bxd4+ 34. Qxd4 exf3 35. Rxe6 Rxe6 36. Qd7+ Kh6 37. Qxe6 fxg2 38. Kxg2 Qf4 39. Qe2 Qc7 40. Qe3+ f4 41. Qf3 Qe5 42. Rf1 Qf6 43. Qxf4+ Qxf4 44. Rxf4 1-0

[Event "Titled Tuesday intern op 13th Feb Early"]
[Site "Chess.com INT"]
[Date "2024.02.13"]
[Round "2"]
[White "Barbot, Pierre"]
[Black "Biletskyy, Dmytro"]
[Result "1-0"]
[WhiteElo "2426"]
[BlackElo "1926"]
[PlyCount "56"]
[EventDate "2024.02.13"]
[EventType "swiss (blitz)"]
[EventRounds "11"]
[EventCountry "USA"]
[SourceTitle "CBM 218 Extra"]
[Source "ChessBase"]
[SourceDate "2024.03.31"]
[SourceVersion "1"]
[SourceVersionDate "2024.03.31"]
[SourceQuality "1"]

1. d4 Nf6 2. Nf3 e6 3. Bf4 d5 4. e3 Bd6 5. Ne5 Nbd7 6. Nd2 0-0 7. Bd3 c5 8. c3 Qc7 9. Ndf3 Nh5 10. Bxh7+ Kh8 11. Bd3 Nxf4 12. exf4 Nf6 13. Ng5 cxd4 14. cxd4 Kg8 15. 0-0 g6 16. Qf3 Kg7 17. Qg3 Nh5 18. Qh4 Qb6 19. Ngxf7 Rxf7 20. Nxf7 Kxf7 21. Qg5 Nf6 22. Qxg6+ Ke7 23. Qg7+ Kd8 24. Qxf6+ Kc7 25. Rac1+ Kb8 26. Qh8 Bc7 27. f5 e5 28. f6 a6 1-0

[Event "Titled Tuesday intern op 13th Feb Early"]
[Site "Chess.com INT"]
[Date "2024.02.13"]
[Round "4"]
[White "Biletskyy, Dmytro"]
[Black "Garcia Correa, Jose Ricardo"]
[Result "1-0"]
[WhiteElo "1926"]
[BlackElo "2103"]
[PlyCount "97"]
[EventDate "2024.02.13"]
[EventType "swiss (blitz)"]
[EventRounds "11"]
[EventCountry "USA"]
[SourceTitle "CBM 218 Extra"]
[Source "ChessBase"]
[SourceDate "2024.03.31"]
[SourceVersion "1"]
[SourceVersionDate "2024.03.31"]
[SourceQuality "1"]

1. e4 c5 2. Nf3 e6 3. c3 d5 4. exd5 exd5 5. d4 Nf6 6. Bb5+ Nbd7 7. 0-0 c4 8. Re1+ Be7 9. b3 a6 10. Bxd7+ Bxd7 11. bxc4 dxc4 12. Ne5 Rc8 13. Qe2 Be6 14. a4 0-0 15. Nd2 b5 16. axb5 axb5 17. Rb1 Nd5 18. Qf3 Qb6 19. Ndxc4 Qc7 20. Na3 Nxc3 21. Ra1 b4 22. Nb1 Bd5 23. Qd3 Bf6 24. Nxc3 bxc3 25. Bf4 Qb7 26. Reb1 Qe7 27. Rc1 Qb7 28. f3 Qb2 29. Rab1 Qa3 30. Rc2 Be7 31. Rbc1 Bb4 32. Kh1 Bb3 33. h3 Bxc2 34. Rxc2 Qa4 35. Kh2 f6 36. Ng4 Qc6 37. Bg3 Bd6 38. Bxd6 Qxd6+ 39. g3 Qb4 40. Ne3 Rfd8 41. d5 h5 42. Kg2 h4 43. Qg6 hxg3 44. Nf5 Rd7 45. Nh6+ Kf8 46. Ng4 Qb3 47. Nxf6 gxf6 48. Qxf6+ Ke8 49. Re2+ 1-0

[Event "Titled Tuesday intern op 06th Feb Early"]
[Site "Chess.com INT"]
[Date "2024.02.06"]
[Round "10"]
[White "Biletskyy, Dmytro"]
[Black "Pinero Rodriguez, Carlos Jose"]
[Result "0-1"]
[WhiteElo "1926"]
[BlackElo "2242"]
[PlyCount "86"]
[EventDate "2024.02.06"]
[EventType "swiss (blitz)"]
[EventRounds "11"]
[EventCountry "USA"]
[SourceTitle "CBM 218 Extra"]
[Source "ChessBase"]
[SourceDate "2024.03.31"]
[SourceVersion "1"]
[SourceVersionDate "2024.03.31"]
[SourceQuality "1"]

1. e4 c5 2. Nf3 e6 3. Bd3 Nc6 4. 0-0 Qc7 5. c3 Nf6 6. Bc2 d5 7. exd5 Nxd5 8. d4 Bd7 9. Re1 cxd4 10. Nxd4 Nxd4 11. Qxd4 0-0-0 12. Qxa7 Bc5 13. Qa8+ Qb8 14. Qxb8+ Kxb8 15. Nd2 f6 16. Ne4 Ba7 17. a3 Bc6 18. c4 Ne7 19. Nc3 e5 20. Kf1 Bd4 21. Ne2 Bb6 22. b4 h5 23. b5 Bd7 24. Be3 Ba5 25. Red1 Be6 26. Bb3 Nf5 27. Rac1 Nxe3+ 28. fxe3 Rxd1+ 29. Rxd1 Bb6 30. e4 Bc5 31. a4 Bg4 32. Rd5 b6 33. h3 Be6 34. Rd1 h4 35. Nc1 Bd4 36. Ne2 Bc5 37. Rd3 Rc8 38. Rd1 Bb4 39. Rc1 Rd8 40. Kf2 Rd3 41. Bc2 Ra3 42. Rd1 Bc5+ 43. Kf1 Bxc4 0-1

[Event "Titled Tuesday intern op 30th Jan Early"]
[Site "Chess.com INT"]
[Date "2024.01.30"]
[Round "1"]
[White "Esipenko, Andrey"]
[Black "Biletskyy, Dmytro"]
[Result "1/2-1/2"]
[WhiteElo "2704"]
[BlackElo "1926"]
[PlyCount "95"]
[EventDate "2024.01.30"]
[EventType "swiss (blitz)"]
[EventRounds "11"]
[EventCountry "USA"]
[SourceTitle "EXT 2025"]
[Source "ChessBase"]
[SourceDate "2024.10.14"]
[SourceVersion "1"]
[SourceVersionDate "2024.10.14"]
[SourceQuality "1"]

1. Nf3 Nf6 2. b3 g6 3. Bb2 Bg7 4. g3 0-0 5. Bg2 d5 6. c4 c6 7. d3 Nbd7 8. 0-0 Re8 9. Nc3 e5 10. cxd5 cxd5 11. Rc1 a6 12. Na4 d4 13. Nd2 Rb8 14. Ba3 b5 15. Nc5 Nxc5 16. Bxc5 Bb7 17. Ne4 Nxe4 18. Bxe4 Bxe4 19. dxe4 Rc8 20. Qd3 Re6 21. b4 Rec6 22. e3 Bf8 23. exd4 Bxc5 24. bxc5 Qxd4 25. Qxd4 exd4 26. Rfd1 Rxc5 27. Rxc5 Rxc5 28. Rxd4 a5 29. a3 Rc3 30. Rd5 Rb3 31. h4 a4 32. Kg2 h5 33. f3 Kf8 34. g4 hxg4 35. fxg4 Kg7 36. Kf2 Rxa3 37. Rxb5 Rh3 38. h5 gxh5 39. gxh5 Kh6 40. Ra5 a3 41. Kg2 Rxh5 42. Rxa3 Re5 43. Kf3 f5 44. Kf4 Rxe4+ 45. Kxf5 Re1 46. Ra6+ Kg7 47. Re6 Rxe6 48. Kxe6 1/2-1/2

[Event "Titled Tuesday intern op 23rd Jan Late"]
[Site "Chess.com INT"]
[Date "2024.01.23"]
[Round "7"]
[White "Biletskyy, Dmytro"]
[Black "Bolanos Lopez, Juan Jacobo"]
[Result "1-0"]
[WhiteElo "1926"]
[BlackElo "2039"]
[PlyCount "101"]
[EventDate "2024.01.23"]
[EventType "swiss (blitz)"]
[EventRounds "11"]
[EventCountry "USA"]
[SourceTitle "CBM 218 Extra"]
[Source "ChessBase"]
[SourceDate "2024.03.31"]
[SourceVersion "1"]
[SourceVersionDate "2024.03.31"]
[SourceQuality "1"]

1. e4 c5 2. Nf3 e6 3. c3 Nf6 4. e5 Nd5 5. d4 cxd4 6. cxd4 d6 7. Nc3 dxe5 8. Nxe5 Nc6 9. Bb5 Bd7 10. Nxd5 exd5 11. Nxd7 Qxd7 12. 0-0 Be7 13. Bf4 0-0 14. Re1 Bd6 15. Qd2 a6 16. Bxc6 Qxc6 17. Rac1 Qd7 18. Bxd6 Qxd6 19. Rc5 Rac8 20. Rec1 Qd7 21. Qc3 Rxc5 22. Qxc5 g6 23. Qb6 Rc8 24. Re1 Re8 25. Rc1 Rc8 26. Rc5 Rxc5 27. Qxc5 Qa4 28. h3 Qxa2 29. Qc8+ Kg7 30. Qxb7 Qb1+ 31. Kh2 Qe4 32. Qxa6 Qf4+ 33. Kg1 Qxd4 34. Qa3 Qe4 35. Qc3+ d4 36. Qd2 d3 37. Kf1 Qc4 38. Qc3+ Qxc3 39. bxc3 Kf6 40. Ke1 Ke5 41. Kd2 Ke4 42. f3+ Kf4 43. Kxd3 Kg3 44. c4 Kxg2 45. c5 Kg3 46. c6 Kxh3 47. c7 h5 48. c8Q+ Kg3 49. Ke3 h4 50. Qg4+ Kh2 51. Kf2 1-0

[Event "Titled Tuesday intern op 23rd Jan Late"]
[Site "Chess.com INT"]
[Date "2024.01.23"]
[Round "10"]
[White "Biletskyy, Dmytro"]
[Black "Caspi, Israel"]
[Result "0-1"]
[WhiteElo "1926"]
[BlackElo "2468"]
[PlyCount "66"]
[EventDate "2024.01.23"]
[EventType "swiss (blitz)"]
[EventRounds "11"]
[EventCountry "USA"]
[SourceTitle "CBM 218 Extra"]
[Source "ChessBase"]
[SourceDate "2024.03.31"]
[SourceVersion "1"]
[SourceVersionDate "2024.03.31"]
[SourceQuality "1"]

1. e4 d5 2. exd5 Qxd5 3. Nc3 Qd6 4. Bc4 Be6 5. Bxe6 Qxe6+ 6. Nge2 Nc6 7. 0-0 0-0-0 8. d3 Nf6 9. Be3 Kb8 10. h3 Qd7 11. a3 e5 12. b4 Be7 13. Rb1 Nd4 14. Ng3 h5 15. a4 h4 16. Nge4 Nh5 17. b5 f5 18. Nd2 Bc5 19. Nc4 Qe6 20. Re1 e4 21. Nd2 Qg6 22. dxe4 f4 23. Bxd4 Bxd4 24. Nd5 Nf6 25. Nxf4 Bxf2+ 26. Kh1 Qh6 27. Qf3 Bxe1 28. Rxe1 Rxd2 29. Ne6 Re8 30. Nc5 Qh5 31. Qf4 Rd1 32. Rxd1 Qxd1+ 33. Kh2 Qd6 0-1